| 000 | 01556cam a22002174a 4500 | ||
|---|---|---|---|
| 005 | 20250605163934.0 | ||
| 008 | 250528s ||||||||||||||||||||||||d | ||
| 035 | _a14809 | ||
| 020 | _a205148832 | ||
| 040 |
_aGR-AtMCL _bgre _dGR-AtMCL _eAACR2 |
||
| 245 | 1 | _aSocial Psychology / Understanding Human Interaction | |
| 250 | _a7th | ||
| 260 |
_bAllyn And Bacon, _c1994 |
||
| 300 | _a700 | ||
| 520 | _aThis book provides lots of practice with short answer, definition, matching, multiple choice, true/ false, and completion type questions. Preface: On Not Growing Old Gracefully, Acknowledgements, The Field of Social Psychology: How We Think About and Interact with Others, Social Perception: Understanding Others, Social Cognition: Thinking about Others and the Social World, Attitudes: Evaluating the Social World, Social Identity: Self and Gender, Prejudice and Discrimination and Understanding Their Nature and Countering Their Effects, Interpersonal Attraction: Getting Acquainted and Becoming Friends, Close Relationships: Friendship and Love and Sexuality, Social Influence: Changing Others' Behavior, Prosocial Behavior: Providing Help to Others, Aggression: Its Nature and Causes and Control, Groups and Individuals: The Consequences of Belonging, Social Psychology and the Individual: Population and Health and Environmental Applications, Social Psychology and Society: Legal and Political and Organizational Applications. | ||
| 700 | 1 |
_aBaron Robert A. _9568 |
|
| 700 | 1 |
_aByrne Donn _9569 |
|
| 942 | _cBK | ||
| 999 |
_c424 _d424 |
||